000
00286nam a2200121 a 4500
005
20141022142001.0
008
100916s19uu xx 00 eng d
050
_a
DVD
_b
W72 2003
245
_a
Windows server.
260
_b
Standford University,
_c
2003.
650
_a
DVD
942
_c
AVM
999
_c
276263
_d
276263